000 00891nam a2200253Ia 4500
003 OSt
005 20220930192807.0
006 a|||||r|||| 00| 0
007 ta
008 220926b |||||||| |||| 00| 0 eng d
024 _a10639
037 _cDissertations
040 _aCRL
_cCRL
_beng
041 _2eng
_aeng
100 _aKachru Nisha
_9561595
110 _aUniversity of Delhi. Faculty of Medical Sciences. Department of Anaesthesiology
245 0 _aComparative evaluation of blood gas, acid base and haemodynamic changes in laparoscopic cholecystectomy and open cholecystectomy
260 _c1995
650 _aANESTHETICS
_9519569
700 _a Dr Usha Saha Supervisor
_9561596
700 _aUniversity of Delhi. Faculty of Medical Sciences. Department of Anaesthesiology
942 _cDIS
_2CC
999 _c895631
_d895631